000 005840000a22001690004500
008 230817t ||||| |||| 00| 0 eng d
082 _a323.352
_bAMN
110 _aAmnesty International
245 _aChildren in South Asia:
_bsecuring their rights
260 _aLondon:
_bAmnesty International,
_c1998
300 _a 52 p. : ill. ; 28 cm
650 _aChildren- South Asia- Social conditions
650 _aChildren's rights- South Asia
650 _aJuvenile justice, Administration of South Asia
856 _uhttps://www.amnesty.org/en/documents/asa04/001/1998/en/
942 _cRP
999 _c3146
_d3146